| 000 | 00757nam a2200217Ia 4500 | ||
|---|---|---|---|
| 003 | Ost | ||
| 005 | 20260507075803.0 | ||
| 008 | 260507s9999||||xx |||||||||||||| ||und|| | ||
| 020 | _a9789961992975 | ||
| 040 | _cfsecg | ||
| 041 | _aara | ||
| 082 | _a336.2 | ||
| 100 |
_aمحرزي، محمد عباس _eمؤلف |
||
| 245 | 0 |
_aالمدخل إلى الجباية والضرائب / _c محمد عباس محرزي |
|
| 260 |
_aالجزائر : _bدار النشرITCIS, |
||
| 300 |
_a159 صفحة؛ _bإيضاحات ؛ _c24 سم |
||
| 504 | _aبيبليوغرافيا: ص ص.157-158 | ||
| 520 | _aيضم الإطار المفاهيمي للضريبة، التصنيف التقني للضرائب. | ||
| 653 | _aالضرائب | ||
| 942 | _cكتاب | ||
| 999 |
_c46327 _d46327 |
||